000 01169cam a2200349 a 4500
001 5942
003 FISKH
005 20250210115749.0
008 970905s1998 nyua c 000 1 eng
010 _a 97040329
020 _a039923215X
020 _a0439063922
040 _aDLC
_cDLC
_dDLC
_beng
042 _alcac
050 _aPZ7.H74023 M
082 _a480
100 1 _aHolt, Kimberly Willis
_d(1960-)
245 1 0 _aMister and me /
_cKimberly Willis Holt ; with illustrations by Leonard Jenkins.
250 _aThis edition first published in 1998
260 _aNew York :
_bScholastic,
_c1998.
300 _a74 pages:
_billustrations ;
_c20 cm
505 _aR
520 _aIn a small Louisiana mill town in 1940, Jolene does not want her Momma to marry the logger who is courting her, but it seems that even her most defiantly bad behavior cannot make him go away.
521 8 _a710
_bLexile
521 8 _aR
_bRaz-Plus
650 1 _aRemarriage
_vFiction.
650 1 _aFamily life
_vFiction.
700 1 _aJenkins, Leonard
_eillustrator
906 _a7
_bcbc
_corignew
_d1
_eocip
_f19
_gy-gencatlg
942 _2ddc
_cBK
_n0
999 _c5942
_d5942